Digital Computer fundamentals (Record no. 2361)

MARC details
000 -LEADER
fixed length control field 00402nam a2200169Ia 4500
008 - FIXED-LENGTH DATA ELEMENTS--GENERAL INFORMATION
fixed length control field 221030s9999 xx 000 0 und d
020 ## - INTERNATIONAL STANDARD BOOK NUMBER
ISBN 00746040007
041 ## - LANGUAGE CODE
Language code of text/sound track or separate title
082 ## - DEWEY DECIMAL CLASSIFICATION NUMBER
Classification number 105.23
Item number Bar
100 ## - MAIN ENTRY--AUTHOR NAME
Personal name T. C. Bartee
245 #0 - TITLE STATEMENT
Title Digital Computer fundamentals
Statement of responsibility, etc by T. C. Bartee
250 ## - EDITION STATEMENT
Edition statement 6th
260 ## - PUBLICATION, DISTRIBUTION, ETC. (IMPRINT)
Name of publisher TMH
Place of publication New Delhi
Year of publication 2000
300 ## - PHYSICAL DESCRIPTION
Number of Pages 610
650 ## - SUBJECT ADDED ENTRY--TOPICAL TERM
Topical Term BE Computer
942 ## - ADDED ENTRY ELEMENTS (KOHA)
Koha item type Books
Holdings
Accession Number Cost, normal purchase price Full call number Price effective from Koha item type Withdrawn / writtenoff status Materials specified (bound volume or other part) Damaged status Not for loan Permanent Location Current Location Shelving location Date acquired Lost/ Missing status department
BE 1209 225.00 105.23 Bar 10/30/2022 Books   Print     MIET Library, Jammu MIET Library, Jammu BL-Academic Block C, FL-2, CUP-93, SH-4, R-4 04/26/2000   BE
BE 1210 225.00 105.23 Bar 10/30/2022 Books   Print     MIET Library, Jammu MIET Library, Jammu BL-Academic Block C, FL-2, CUP-93, SH-4, R-4 04/26/2000   BE
BE 1338 225.00 105.23 Bar 10/30/2022 Books   Print     MIET Library, Jammu MIET Library, Jammu BL-Academic Block C, FL-2, CUP-93, SH-4, R-4 04/27/2000   BE
BE 1341 225.00 105.23 Bar 10/30/2022 Books   Print     MIET Library, Jammu MIET Library, Jammu BL-Academic Block C, FL-2, CUP-93, SH-4, R-4 04/27/2000   BE
BE 1208 225.00 105.23 Bar 10/30/2022 Books   Print     MIET Library, Jammu MIET Library, Jammu BL-Academic Block C, FL-2, CUP-93, SH-4, R-4 04/26/2000   BE
BE 1211 225.00 105.23 Bar 10/30/2022 Books   Print     MIET Library, Jammu MIET Library, Jammu BL-Academic Block C, FL-2, CUP-93, SH-4, R-4 04/26/2000   BE
BE 1339 225.00 105.23 Bar 10/30/2022 Books   Print     MIET Library, Jammu MIET Library, Jammu BL-Academic Block C, FL-2, CUP-93, SH-4, R-4 04/27/2000   BE
BE 1340 225.00 105.23 Bar 10/30/2022 Books   Print     MIET Library, Jammu MIET Library, Jammu BL-Academic Block A, FL-1, CUP-93, SH-4, R-4 04/27/2000   BE
BE 1342 225.00 105.23 Bar 10/30/2022 Books   Print     MIET Library, Jammu MIET Library, Jammu BL-Academic Block C, FL-2, CUP-93, SH-4, R-4 04/27/2000   BE